| 000 | 00655nam a2200205 a 4500 | ||
|---|---|---|---|
| 005 | 20240223063619.0 | ||
| 008 | 140520s2007 mx r 000 0 spa d | ||
| 020 | _a9788496388611 | ||
| 035 | _aUPN01000197330 | ||
| 049 | _aI | ||
| 050 | 4 |
_aPZ41 _bR6.4 |
|
| 100 | 1 |
_aRodari, Gianni, _d1920-1980 _931875 |
|
| 245 | 1 | 0 |
_aInventando números / _cGianni Rodari ; il. Alessandro Sanna ; tr. Xosé Ballesteros. |
| 260 |
_aAndalucía, Esp. : _bKalandraka, _c2007. |
||
| 300 |
_a[20] p. : _bil. col. |
||
| 440 | 0 | _aLibros para soñar | |
| 534 |
_pTítulo original: _tA inventare i numeri |
||
| 650 | 4 |
_aLiteratura infantil italiana _911122 |
|
| 905 | _aInfantil | ||
| 999 |
_c169431 _d169431 |
||